[Event "Sevastopol Waltz op"]
[Site "Sevastopol"]
[Date "2022.08.05"]
[Round "5"]
[White "Iljushin, Alexei"]
[Black "Tomilova, Elena"]
[Result "0-1"]
[WhiteElo "2431"]
[BlackElo "2211"]
[PlyCount "74"]
[EventDate "2022.08.01"]
[EventType "swiss"]
[EventRounds "9"]
[EventCountry "UKR"]
[SourceTitle "EXT 2023"]
[Source "ChessBase"]
[SourceDate "2022.10.05"]
[SourceVersion "1"]
[SourceVersionDate "2022.10.05"]
[SourceQuality "1"]

1. c4 c5 2. Nf3 Nc6 3. d4 cxd4 4. Nxd4 g6 5. e4 Nf6 6. Nc3 Nxd4 7. Qxd4 d6 8. Be2 Bg7 9. Be3 0-0 10. Qd2 Bd7 11. f3 a5 12. c5 Ne8 13. 0-0 Bc6 14. Rfd1 Qb8 15. Bg5 dxc5 16. Bxe7 Bd4+ 17. Kh1 Nc7 18. Bxf8 Qxf8 19. a4 Qg7 20. Bc4 Re8 21. Ra2 b6 22. Ne2 Bf6 23. b3 h5 24. h3 Ne6 25. Bxe6 Rxe6 26. Nf4 Re8 27. Qe2 Be5 28. Nd5 Bb8 29. Rad2 Bxd5 30. Rxd5 Qf6 31. Kg1 Kg7 32. Kf1 h4 33. Qb5 Rxe4 34. Rd8 Bg3 35. Qd7 Re3 36. Qc8 Qb2 37. R8d2 Qxd2 0-1

[Event "Sevastopol Waltz op"]
[Site "Sevastopol"]
[Date "2022.08.03"]
[Round "3"]
[White "Iljushin, Alexei"]
[Black "Grachev, Boris V"]
[Result "1/2-1/2"]
[WhiteElo "2431"]
[BlackElo "2611"]
[PlyCount "87"]
[EventDate "2022.08.01"]
[EventType "swiss"]
[EventRounds "9"]
[EventCountry "UKR"]
[SourceTitle "EXT 2023"]
[Source "ChessBase"]
[SourceDate "2022.10.05"]
[SourceVersion "1"]
[SourceVersionDate "2022.10.05"]
[SourceQuality "1"]

1. c4 e6 2. g3 d5 3. Bg2 Nf6 4. Nf3 Be7 5. 0-0 0-0 6. d4 c6 7. Nbd2 b6 8. Qc2 Bb7 9. e4 Na6 10. e5 Nd7 11. a3 c5 12. dxc5 Naxc5 13. b4 Ne4 14. Bb2 Qc7 15. Rac1 Rac8 16. Qb1 Nxd2 17. Nxd2 dxc4 18. Rxc4 Qb8 19. Rxc8 Rxc8 20. Bxb7 Qxb7 21. Qe4 Qxe4 22. Nxe4 Kf8 23. Rd1 Ke8 24. f4 Rc2 25. Rd2 Rxd2 26. Nxd2 a6 27. Ne4 Kd8 28. Kf2 Kc7 29. Ke3 Kc6 30. Kd3 a5 31. bxa5 bxa5 32. a4 Nb6 33. Bc3 Nxa4 34. Bxa5 Kd5 35. Nc3+ Nxc3 36. Bxc3 g5 37. h3 h5 38. Bd2 Bd8 39. Ke3 g4 40. hxg4 hxg4 41. Kf2 Bb6+ 42. Kg2 Kc4 43. Be1 Kb3 44. Bd2 1/2-1/2

[Event "Novorossiysk Small Land op"]
[Site "Novorossiysk"]
[Date "2022.07.26"]
[Round "6"]
[White "Yagupov, Igor"]
[Black "Iljushin, Alexei"]
[Result "0-1"]
[WhiteElo "2303"]
[BlackElo "2442"]
[PlyCount "118"]
[EventDate "2022.07.21"]
[EventType "swiss"]
[EventRounds "9"]
[EventCountry "RUS"]
[SourceTitle "CBM 209 Extra"]
[Source "ChessBase"]
[SourceDate "2022.09.30"]
[SourceVersion "1"]
[SourceVersionDate "2022.09.30"]
[SourceQuality "1"]

1. e4 c5 2. Nf3 Nf6 3. e5 Nd5 4. Nc3 Nxc3 5. dxc3 Nc6 6. Bf4 e6 7. Qd2 h6 8. h4 b6 9. Bd3 Bb7 10. Be4 Qc7 11. 0-0-0 0-0-0 12. h5 Ne7 13. Qe2 Bxe4 14. Qxe4 Qc6 15. Nd2 Qxe4 16. Nxe4 Nd5 17. Bg3 f5 18. c4 Nb4 19. Nd6+ Bxd6 20. Rxd6 Nxa2+ 21. Kb1 Nb4 22. Rhd1 Nc6 23. f4 Nb8 24. c3 Rdg8 25. Bh4 g5 26. hxg6 Rxg6 27. g3 Rh7 28. b4 Nc6 29. bxc5 bxc5 30. Kc2 Rg8 31. Rb1 Kc7 32. Rb5 a6 33. Rb1 Rhg7 34. Rbd1 Rb8 35. Bf6 Rf7 36. R6d2 Rg8 37. Bh4 Na5 38. Kd3 Rfg7 39. Ra2 Rxg3+ 40. Ke2 Rg2+ 41. Bf2 Nc6 42. Rxa6 R8g4 43. Kf3 Rxf2+ 44. Kxf2 Rxf4+ 45. Kg2 Rxc4 46. Ra3 Nxe5 47. Rh1 Ng4 48. Kg3 Kd8 49. Rd1 Ke7 50. Kf3 Ne5+ 51. Ke2 Re4+ 52. Kf2 h5 53. Rh1 h4 54. Rh3 c4 55. Ra8 Ng6 56. Rh1 d5 57. Rha1 Rf4+ 58. Kg2 Rg4+ 59. Kf2 Rg3 0-1

[Event "Novorossiysk Small Land op"]
[Site "Novorossiysk"]
[Date "2022.07.25"]
[Round "5"]
[White "Iljushin, Alexei"]
[Black "Kryakvin, Dmitry"]
[Result "1/2-1/2"]
[WhiteElo "2442"]
[BlackElo "2523"]
[PlyCount "45"]
[EventDate "2022.07.21"]
[EventType "swiss"]
[EventRounds "9"]
[EventCountry "RUS"]
[SourceTitle "CBM 209 Extra"]
[Source "ChessBase"]
[SourceDate "2022.09.30"]
[SourceVersion "1"]
[SourceVersionDate "2022.09.30"]
[SourceQuality "1"]

1. c4 e5 2. g3 Nc6 3. Bg2 g6 4. Nc3 Bg7 5. Rb1 d6 6. b4 Bg4 7. d3 Qd7 8. b5 Nd8 9. a4 Ne7 10. Bg5 f6 11. Bd2 0-0 12. h4 h5 13. Qc1 Nc8 14. Qa3 c5 15. bxc6 bxc6 16. Ne4 c5 17. Nf3 Ne7 18. 0-0 Ndc6 19. a5 Rfb8 20. Nc3 Nb4 21. Rfc1 Kh7 22. Ne1 Bh6 23. e3 1/2-1/2

[Event "Novorossiysk Small Land op"]
[Site "Novorossiysk"]
[Date "2022.07.24"]
[Round "4"]
[White "Pugin, Stepan"]
[Black "Iljushin, Alexei"]
[Result "0-1"]
[WhiteElo "1829"]
[BlackElo "2442"]
[PlyCount "94"]
[EventDate "2022.07.21"]
[EventType "swiss"]
[EventRounds "9"]
[EventCountry "RUS"]
[SourceTitle "CBM 209 Extra"]
[Source "ChessBase"]
[SourceDate "2022.09.30"]
[SourceVersion "1"]
[SourceVersionDate "2022.09.30"]
[SourceQuality "1"]

1. d4 Nf6 2. c4 e6 3. g3 c5 4. Nf3 cxd4 5. Nxd4 d5 6. Bg2 e5 7. Nf3 d4 8. 0-0 Nc6 9. e3 Be7 10. exd4 exd4 11. b3 0-0 12. Bb2 Bc5 13. Ne1 Bg4 14. Bf3 h5 15. Nd3 b6 16. Bxg4 hxg4 17. Re1 Qd7 18. a3 a5 19. Nd2 Rfe8 20. Rxe8+ Rxe8 21. Qc2 g6 22. Re1 Rxe1+ 23. Nxe1 Qe7 24. Kf1 Bxa3 25. Bxa3 Qxa3 26. Ne4 Nd7 27. Qd1 f5 28. Nd2 Nde5 29. Qe2 Kg7 30. f4 gxf3 31. Ndxf3 Qd6 32. Nxe5 Nxe5 33. Nd3 Nxd3 34. Qxd3 Qe5 35. Qd2 Qe4 36. Qg5 d3 37. Qd8 Qh1+ 38. Kf2 Qxh2+ 39. Kf1 Qxg3 40. Qxb6 Qf3+ 41. Kg1 Kh6 42. Qd8 Kh5 43. Qh8+ Kg4 44. Qd4+ f4 45. Qf6 Qe4 46. Qb2 Qe3+ 47. Kf1 d2 0-1

[Event "Novorossiysk Small Land Rapid op"]
[Site "Novorossiysk"]
[Date "2022.07.20"]
[Round "10"]
[White "Nasyrova, Ekaterina"]
[Black "Iljushin, Alexei"]
[Result "1-0"]
[WhiteElo "2097"]
[BlackElo "2442"]
[PlyCount "64"]
[EventDate "2022.07.18"]
[EventType "swiss (rapid)"]
[EventRounds "11"]
[EventCountry "RUS"]
[SourceTitle "EXT 2023"]
[Source "ChessBase"]
[SourceDate "2022.10.05"]
[SourceVersion "1"]
[SourceVersionDate "2022.10.05"]
[SourceQuality "1"]

1. d4 e6 2. c4 f5 3. Nc3 Nf6 4. Nf3 Bb4 5. Qc2 b6 6. e3 Bb7 7. Be2 Ne4 8. 0-0 Bxc3 9. bxc3 0-0 10. a4 Nc6 11. Nd2 Nxd2 12. Bxd2 Na5 13. c5 bxc5 14. c4 Nc6 15. Rab1 Ba6 16. Bc3 Qe7 17. Rfe1 Rab8 18. d5 Nb4 19. Qd2 e5 20. f4 e4 21. Be5 d6 22. Bc3 Rb7 23. g4 fxg4 24. Bxg4 Bxc4 25. Be6+ Kh8 26. Kh1 a5 27. Rg1 Rf6 28. Rg3 Rb8 29. Rbg1 Nd3 30. Rxg7 Qxg7 31. Rxg7 Kxg7 32. Qg2+ Kf8 1-0

[Event "Novorossiysk Small Land Rapid op"]
[Site "Novorossiysk"]
[Date "2022.07.19"]
[Round "6"]
[White "Iljushin, Alexei"]
[Black "Volkov, Maksim"]
[Result "1-0"]
[WhiteElo "2442"]
[BlackElo "2222"]
[PlyCount "69"]
[EventDate "2022.07.18"]
[EventType "swiss (rapid)"]
[EventRounds "11"]
[EventCountry "RUS"]
[SourceTitle "EXT 2023"]
[Source "ChessBase"]
[SourceDate "2022.10.05"]
[SourceVersion "1"]
[SourceVersionDate "2022.10.05"]
[SourceQuality "1"]

1. d4 d5 2. c4 e6 3. Nf3 Nf6 4. g3 dxc4 5. Bg2 a6 6. 0-0 Nc6 7. e3 Rb8 8. Nfd2 e5 9. Bxc6+ bxc6 10. dxe5 Ng4 11. Nxc4 Be6 12. Nbd2 Bb4 13. b3 h5 14. Qe2 Bc3 15. Bb2 Bxb2 16. Nxb2 Nxe5 17. Nbc4 Nxc4 18. Nxc4 h4 19. g4 h3 20. e4 Rb5 21. Ne3 g6 22. f3 Qe7 23. Rac1 Bd7 24. Kh1 f5 25. gxf5 gxf5 26. exf5 Re5 27. Rce1 Kf8 28. Qf2 Qc5 29. Rg1 Rxf5 30. Qg3 Rf7 31. Qxc7 Be8 32. Qg3 Qd4 33. Ng4 Qd5 34. Ne5 Re7 35. Qf4+ 1-0

[Event "Novorossiysk Small Land Blitz"]
[Site "Novorossiysk"]
[Date "2022.07.17"]
[Round "4"]
[White "Iljushin, Alexei"]
[Black "Nazaretyan, Tigran"]
[Result "1-0"]
[WhiteElo "2442"]
[BlackElo "2316"]
[PlyCount "143"]
[EventDate "2022.07.17"]
[EventType "swiss (blitz)"]
[EventRounds "13"]
[EventCountry "RUS"]
[SourceTitle "CBM 209 Extra"]
[Source "ChessBase"]
[SourceDate "2022.09.30"]
[SourceVersion "1"]
[SourceVersionDate "2022.09.30"]
[SourceQuality "1"]

1. d4 Nf6 2. c4 d6 3. Nf3 Nbd7 4. Bf4 c6 5. Nc3 Qa5 6. Bd2 Qc7 7. e4 e5 8. Be2 Be7 9. 0-0 0-0 10. Rc1 Re8 11. d5 Nc5 12. Qc2 a5 13. b3 Bd7 14. Be3 Bf8 15. Nd2 Rec8 16. Qb2 Qb8 17. a3 cxd5 18. cxd5 b5 19. b4 axb4 20. axb4 Na4 21. Qb3 Ng4 22. Bxg4 Bxg4 23. f3 Bd7 24. Ne2 Be7 25. Rxc8+ Bxc8 26. Rc1 Bd8 27. Nf1 h6 28. Rc6 Bd7 29. Rc2 Bb6 30. Bxb6 Nxb6 31. Ne3 Ra1+ 32. Rc1 Qa7 33. Rxa1 Qxa1+ 34. Kf2 Qa7 35. Kf1 Kh7 36. g4 g6 37. Ng3 Qa1+ 38. Kf2 Qc1 39. Qc2 Qxc2+ 40. Nxc2 Kg7 41. Na3 Na4 42. Ne2 f5 43. gxf5 gxf5 44. exf5 Kf6 45. Ng3 Nc3 46. Ne4+ Nxe4+ 47. fxe4 Kg5 48. Kg3 h5 49. h4+ Kf6 50. Nc2 Bc8 51. Ne1 Bd7 52. Nf3 Bc8 53. Nh2 Bd7 54. Kf3 Bc8 55. Nf1 Bd7 56. Ke3 Bc8 57. Ng3 Bd7 58. Nxh5+ Kf7 59. Ng3 Kg7 60. Kf3 Kh6 61. Kg4 Bc8 62. Nh5 Bd7 63. Nf6 Bc8 64. Ng8+ Kg7 65. Ne7 Bd7 66. Kg5 Kf7 67. Ng6 Bc8 68. h5 Kg7 69. h6+ Kh7 70. f6 Bd7 71. Nf8+ Kg8 72. Nxd7 1-0

[Event "Tuapse Blitz op"]
[Site "Tuapse"]
[Date "2022.06.29"]
[Round "11"]
[White "Iljushin, Alexei"]
[Black "Pshmahov, Osman"]
[Result "1/2-1/2"]
[WhiteElo "2442"]
[BlackElo "2095"]
[PlyCount "73"]
[EventDate "2022.06.29"]
[EventType "swiss (blitz)"]
[EventRounds "13"]
[EventCountry "RUS"]
[SourceTitle "CBM 209 Extra"]
[Source "ChessBase"]
[SourceDate "2022.09.30"]
[SourceVersion "1"]
[SourceVersionDate "2022.09.30"]
[SourceQuality "1"]

1. d4 Nf6 2. c4 e6 3. g3 d5 4. Nf3 c6 5. Nbd2 g6 6. Bg2 Bg7 7. Qc2 0-0 8. 0-0 b6 9. e4 dxe4 10. Nxe4 Nxe4 11. Qxe4 Bb7 12. Rd1 Nd7 13. Bf4 Rc8 14. h4 Ba8 15. Qe2 Re8 16. Ne5 Nxe5 17. Bxe5 Qe7 18. Bxg7 Kxg7 19. c5 e5 20. Qxe5+ Qxe5 21. dxe5 Rxe5 22. Rd7 Rxc5 23. Rxa7 Ra5 24. Rxa5 bxa5 25. Rc1 Rb8 26. Rc2 Kf8 27. b3 Rb6 28. Rc5 Ra6 29. f4 Ke7 30. Kf2 Kd6 31. Rc4 c5 32. Bxa8 Rxa8 33. Ra4 f5 34. Ke3 Kc6 35. Rc4 Re8+ 36. Kf3 Rd8 37. Ke3 1/2-1/2

[Event "Tuapse Blitz op"]
[Site "Tuapse"]
[Date "2022.06.29"]
[Round "8"]
[White "Iljushin, Alexei"]
[Black "Zakaryan, David"]
[Result "0-1"]
[WhiteElo "2442"]
[BlackElo "2339"]
[PlyCount "22"]
[EventDate "2022.06.29"]
[EventType "swiss (blitz)"]
[EventRounds "13"]
[EventCountry "RUS"]
[SourceTitle "CBM 209 Extra"]
[Source "ChessBase"]
[SourceDate "2022.09.30"]
[SourceVersion "1"]
[SourceVersionDate "2022.09.30"]
[SourceQuality "1"]

1. d4 Nf6 2. c4 g6 3. Nc3 Bg7 4. Nf3 0-0 5. Bf4 d5 6. e3 c5 7. dxc5 Ne4 8. Rc1 Nd7 9. cxd5 Qa5 10. Be5 Nxe5 11. Nxe5 Bxe5 0-1

[Event "Tuapse Blitz op"]
[Site "Tuapse"]
[Date "2022.06.29"]
[Round "1"]
[White "Khmil, Fedor"]
[Black "Iljushin, Alexei"]
[Result "0-1"]
[WhiteElo "1497"]
[BlackElo "2442"]
[PlyCount "46"]
[EventDate "2022.06.29"]
[EventType "swiss (blitz)"]
[EventRounds "13"]
[EventCountry "RUS"]
[SourceTitle "CBM 209 Extra"]
[Source "ChessBase"]
[SourceDate "2022.09.30"]
[SourceVersion "1"]
[SourceVersionDate "2022.09.30"]
[SourceQuality "1"]

1. e4 e6 2. d4 d5 3. exd5 exd5 4. Bd3 Nc6 5. c3 Bd6 6. h3 Nge7 7. Nf3 Bf5 8. 0-0 Qd7 9. Bxf5 Qxf5 10. Be3 f6 11. Nbd2 g5 12. c4 h5 13. cxd5 Qxd5 14. Qb3 Qxb3 15. Nxb3 Nd5 16. Rfe1 0-0-0 17. a3 g4 18. Nh4 Nce7 19. Kh1 b6 20. Nd2 Kd7 21. Bg5 f5 22. Bxe7 Rhg8 23. Nc4 Nxe7 0-1

[Event "Tuapse Rapid op"]
[Site "Tuapse"]
[Date "2022.06.28"]
[Round "9"]
[White "Iljushin, Alexei"]
[Black "Zakaryan, David"]
[Result "0-1"]
[WhiteElo "2442"]
[BlackElo "2339"]
[PlyCount "56"]
[EventDate "2022.06.26"]
[EventType "swiss (rapid)"]
[EventRounds "11"]
[EventCountry "RUS"]
[SourceTitle "CBM 209 Extra"]
[Source "ChessBase"]
[SourceDate "2022.09.30"]
[SourceVersion "1"]
[SourceVersionDate "2022.09.30"]
[SourceQuality "1"]

1. d4 Nf6 2. c4 g6 3. Nc3 Bg7 4. e4 d6 5. h3 0-0 6. Be3 c5 7. Nf3 Qa5 8. Qd2 Nc6 9. Bd3 cxd4 10. Nxd4 Bd7 11. Nb3 Qd8 12. c5 Ne5 13. Be2 Be6 14. cxd6 Nc4 15. Bxc4 Bxc4 16. e5 Nd7 17. Nd5 exd6 18. exd6 Ne5 19. Ne7+ Kh8 20. Kd1 Nd3 21. Bd4 Bxb3+ 22. axb3 Bxd4 23. Qxd3 Qxd6 24. Re1 Rfe8 25. Ra4 Red8 26. Kc2 Bf6 27. Nd5 Rac8+ 28. Kb1 Rc5 0-1

[Event "Tuapse Rapid op"]
[Site "Tuapse"]
[Date "2022.06.27"]
[Round "4"]
[White "Iljushin, Alexei"]
[Black "Oganian, Miran"]
[Result "1/2-1/2"]
[WhiteElo "2442"]
[BlackElo "2437"]
[PlyCount "126"]
[EventDate "2022.06.26"]
[EventType "swiss (rapid)"]
[EventRounds "11"]
[EventCountry "RUS"]
[SourceTitle "CBM 209 Extra"]
[Source "ChessBase"]
[SourceDate "2022.09.30"]
[SourceVersion "1"]
[SourceVersionDate "2022.09.30"]
[SourceQuality "1"]

1. Nf3 Nf6 2. g3 d5 3. Bg2 e6 4. 0-0 Be7 5. d3 0-0 6. Nbd2 Nc6 7. d4 Ne4 8. c4 Nxd2 9. Bxd2 dxc4 10. Be3 Rb8 11. Ne5 Nxe5 12. dxe5 c5 13. a4 b6 14. Qc2 Ba6 15. Be4 h6 16. f4 f5 17. Bf3 Qc7 18. g4 Rbd8 19. gxf5 exf5 20. Kh1 Kh8 21. Rg1 Bb7 22. Qxc4 Bxf3+ 23. exf3 Qc6 24. Rg3 Qd5 25. Qe2 Qd3 26. Rg2 Qxe2 27. Rxe2 Rd3 28. a5 b5 29. b4 cxb4 30. Bxa7 Ra3 31. Rd1 Rxa5 32. Rd7 Re8 33. Bd4 b3 34. Bb2 Ra2 35. Rd3 Ra4 36. Rxb3 Rxf4 37. Kg2 b4 38. e6 Kh7 39. Rd3 Rc4 40. Rd7 b3 41. Rb7 Rc2 42. Rxc2 bxc2 43. Rc7 Kg6 44. Rxc2 Bf6 45. Bxf6 Kxf6 46. Kg3 Rxe6 47. h4 g5 48. hxg5+ hxg5 49. Rc8 Re2 50. Rc6+ Kg7 51. f4 g4 52. Kh4 Rd2 53. Kg5 Rd5 54. Rc7+ Kf8 55. Kf6 Ke8 56. Ke6 Kd8 57. Rg7 Ra5 58. Kf6 Kc8 59. Ke6 Kb8 60. Kf6 Rc5 61. Ke6 Rc7 62. Rg8+ Rc8 63. Rg7 Rc5 1/2-1/2

[Event "Tuapse Amaks Resort op"]
[Site "Tuapse"]
[Date "2021.09.07"]
[Round "9"]
[White "Demidov, Mikhail"]
[Black "Iljushin, Alexei"]
[Result "1-0"]
[WhiteElo "2551"]
[BlackElo "2461"]
[PlyCount "109"]
[EventDate "2021.08.30"]
[EventType "swiss"]
[EventRounds "9"]
[EventCountry "RUS"]
[SourceTitle "CBM 204 Extra"]
[Source "ChessBase"]
[SourceDate "2021.11.30"]
[SourceVersion "1"]
[SourceVersionDate "2021.11.30"]
[SourceQuality "1"]

1. Nf3 d5 2. g3 c6 3. Bg2 Nf6 4. 0-0 Bf5 5. d3 e6 6. Nh4 Bg4 7. h3 Bh5 8. Qe1 Be7 9. f4 Nfd7 10. Nf3 f5 11. e4 0-0 12. Nc3 Na6 13. Be3 Nc7 14. Bf2 Kh8 15. Nh2 Bg6 16. a3 Bf6 17. Rd1 a5 18. e5 Be7 19. Ne2 c5 20. c4 b5 21. Nc3 bxc4 22. dxc4 d4 23. Na4 Ra6 24. Nf3 Qb8 25. Qe2 Qb3 26. Nxc5 Bxc5 27. Nxd4 Bxd4 28. Bxd4 a4 29. Bc3 Qb6+ 30. Qf2 Qxf2+ 31. Rxf2 Nb6 32. Bb4 Rg8 33. Rd4 Nca8 34. Rd6 Nc7 35. Rc6 Nba8 36. Rc5 Rd8 37. Ba5 Rd1+ 38. Rf1 Rxf1+ 39. Kxf1 Ne8 40. Bb7 Ra7 41. Bc6 Nec7 42. Bxa8 Rxa8 43. Rxc7 Kg8 44. Bb4 Bh5 45. Kf2 Rd8 46. Ke3 Be8 47. Bd6 Rb8 48. Bb4 Rd8 49. Re7 Bf7 50. Bd6 Rc8 51. Kd4 h6 52. c5 g5 53. Kc4 gxf4 54. gxf4 Be8 55. Kb4 1-0

[Event "Tuapse Amaks Resort op"]
[Site "Tuapse"]
[Date "2021.09.02"]
[Round "4"]
[White "Khripachenko, Alexander"]
[Black "Iljushin, Alexei"]
[Result "1/2-1/2"]
[WhiteElo "2210"]
[BlackElo "2461"]
[PlyCount "80"]
[EventDate "2021.08.30"]
[EventType "swiss"]
[EventRounds "9"]
[EventCountry "RUS"]
[SourceTitle "CBM 204 Extra"]
[Source "ChessBase"]
[SourceDate "2021.11.30"]
[SourceVersion "1"]
[SourceVersionDate "2021.11.30"]
[SourceQuality "1"]

1. d4 d5 2. c4 dxc4 3. Nf3 Nf6 4. Nc3 a6 5. e3 b5 6. a4 b4 7. Ne2 c5 8. Ng3 Nc6 9. Bxc4 cxd4 10. exd4 Na5 11. Bd3 Bb7 12. 0-0 e6 13. Bf4 Nd5 14. Bg5 Be7 15. Bxe7 Qxe7 16. Nf5 Qf8 17. Re1 g6 18. Ng3 Qe7 19. Rc1 0-0 20. Rc5 Qd8 21. Qc2 Rc8 22. Ne4 Nf4 23. Bf1 f5 24. Rxc8 Qxc8 25. Qxc8 Rxc8 26. Nd6 Rc6 27. Nxb7 Nxb7 28. g3 Nd5 29. Ng5 Nd8 30. Bg2 Kg7 31. Bxd5 exd5 32. Re8 h6 33. Rxd8 hxg5 34. Rxd5 Rc2 35. Ra5 Rxb2 36. Rxa6 Rd2 37. Rb6 Rxd4 38. a5 Rd1+ 39. Kg2 Ra1 40. Rxb4 Rxa5 1/2-1/2

[Event "Titled Tuesday intern op 21st July"]
[Site "Chess.com INT"]
[Date "2020.07.21"]
[Round "5"]
[White "Iljushin, Alexei"]
[Black "Eynullayev, Altay Elshan"]
[Result "1-0"]
[WhiteElo "2461"]
[BlackElo "2227"]
[PlyCount "123"]
[EventDate "2020.07.21"]
[EventType "swiss (blitz)"]
[EventRounds "10"]
[EventCountry "USA"]
[SourceTitle "CBM 197 Extra"]
[Source "ChessBase"]
[SourceDate "2020.09.30"]
[SourceVersion "1"]
[SourceVersionDate "2020.09.30"]
[SourceQuality "1"]

1. d4 Nf6 2. c4 g6 3. Nc3 d5 4. Bg5 Ne4 5. Bh4 Nxc3 6. bxc3 dxc4 7. e3 Bg7 8. Bxc4 0-0 9. Nf3 c5 10. 0-0 Nc6 11. h3 b6 12. Rc1 Bb7 13. Qe2 Qc7 14. Bg3 e5 15. Bb5 a6 16. Bxc6 Qxc6 17. Bxe5 Bxe5 18. dxe5 Rfe8 19. Rfd1 Rxe5 20. Ne1 Rae8 21. Qg4 h5 22. Qd7 Qe4 23. Qd3 Qc6 24. Qd6 R5e6 25. Qxc6 Bxc6 26. a3 Kg7 27. Rd2 Bb5 28. c4 Bc6 29. Rc3 Be4 30. Nf3 Bxf3 31. gxf3 Rc6 32. a4 Kf6 33. Rcd3 Ree6 34. Rd8 Re7 35. Ra8 b5 36. axb5 axb5 37. cxb5 Rb6 38. Ra6 Rxa6 39. bxa6 Ra7 40. Ra2 Ke6 41. Kf1 Kd6 42. Ke2 Kc6 43. Kd3 Kb5 44. Rb2+ Kc6 45. Ra2 Kb5 46. Rb2+ Kc6 47. Ke4 Rxa6 48. Ke5 c4 49. Kf6 Kc5+ 50. Kxf7 c3 51. Rb1 Kc4 52. e4 c2 53. Rc1 Kd3 54. e5 Kd2 55. Rxc2+ Kxc2 56. e6 Kd2 57. e7 Ra7 58. Kf6 Ra8 59. Kxg6 Ke2 60. f4 Kf3 61. f5 Kf4 62. f6 1-0

[Event "Titled Tuesday intern op 21st July"]
[Site "Chess.com INT"]
[Date "2020.07.21"]
[Round "2"]
[White "Mroziak, Maciej"]
[Black "Iljushin, Alexei"]
[Result "1-0"]
[WhiteElo "2369"]
[BlackElo "2461"]
[PlyCount "85"]
[EventDate "2020.07.21"]
[EventType "swiss (blitz)"]
[EventRounds "10"]
[EventCountry "USA"]
[SourceTitle "CBM 197 Extra"]
[Source "ChessBase"]
[SourceDate "2020.09.30"]
[SourceVersion "1"]
[SourceVersionDate "2020.09.30"]
[SourceQuality "1"]

1. e4 c6 2. d4 d5 3. Nc3 dxe4 4. Nxe4 Nf6 5. Nxf6+ gxf6 6. Nf3 h5 7. g3 Bg4 8. Bg2 h4 9. h3 Bxf3 10. Bxf3 hxg3 11. fxg3 e6 12. Bf4 Bd6 13. Qd2 Qc7 14. 0-0-0 Nd7 15. h4 0-0-0 16. h5 Bxf4 17. gxf4 f5 18. Qe3 Rh6 19. Rdg1 Rdh8 20. Rg7 Nf6 21. Qe5 Qd7 22. Rhg1 a6 23. c3 Qc7 24. Qxc7+ Kxc7 25. Rxf7+ Kd6 26. Rgg7 c5 27. Rxb7 cxd4 28. cxd4 Nd5 29. Rgd7+ Kc6 30. Rbc7+ Kb6 31. Bxd5 exd5 32. Rc5 Rxh5 33. Rdxd5 Rh2 34. Rc2 Rxc2+ 35. Kxc2 Rh2+ 36. Kb3 Rh5 37. Re5 Kc6 38. Kc4 Rh2 39. b4 Rc2+ 40. Kb3 Rd2 41. Rxf5 Rxd4 42. Rf6+ Kb5 43. a4# 1-0

[Event "Titled Tuesday intern op 23rd June"]
[Site "Chess.com INT"]
[Date "2020.06.23"]
[Round "5"]
[White "Iljushin, Alexei"]
[Black "Poghosyan, Suren"]
[Result "1-0"]
[WhiteElo "2461"]
[BlackElo "2275"]
[PlyCount "136"]
[EventDate "2020.06.23"]
[EventType "swiss (blitz)"]
[EventRounds "10"]
[EventCountry "USA"]
[SourceTitle "CBM 197 Extra"]
[Source "ChessBase"]
[SourceDate "2020.09.30"]
[SourceVersion "1"]
[SourceVersionDate "2020.09.30"]
[SourceQuality "1"]

1. d4 Nf6 2. c4 c5 3. d5 b5 4. Nf3 bxc4 5. Nc3 g6 6. e4 d6 7. h3 Bg7 8. Bxc4 0-0 9. 0-0 Nbd7 10. Re1 Nb6 11. Bb5 e5 12. dxe6 Bxe6 13. Bf4 d5 14. Bc6 Rc8 15. Bb7 d4 16. Bxc8 Qxc8 17. Ne2 Nxe4 18. Nexd4 Nxf2 19. Kxf2 cxd4 20. Rc1 Qd8 21. Be5 d3 22. Bxg7 Kxg7 23. Re3 Nd5 24. Rxd3 Qb6+ 25. Rd4 Qxb2+ 26. Qd2 Qb6 27. Kf1 Nf6 28. a4 Nh5 29. a5 Qb5+ 30. Kf2 Nf6 31. Re1 Rc8 32. Re5 Qb3 33. Re3 Qb1 34. Re1 Qb3 35. Re2 Rc6 36. Qe3 Qb1 37. Re1 Qb5 38. Qe5 Rc5 39. Qe3 Qxa5 40. Kg1 Rc2 41. Rd2 Rxd2 42. Qxd2 Qb6+ 43. Qe3 Qa5 44. Qd4 a6 45. Ra1 Qb5 46. Nd2 h6 47. Ne4 Qf5 48. Nd2 Qd5 49. Qc3 Qd6 50. Rf1 Bf5 51. g4 Qb6+ 52. Rf2 Qe6 53. gxf5 gxf5 54. Rg2+ Kh7 55. Nf3 Qb6+ 56. Qd4 Qb1+ 57. Kh2 Qb8+ 58. Qe5 Qb6 59. Qxf5+ Kh8 60. Ne5 Qe6 61. Qxe6 fxe6 62. Rg6 Nd5 63. Rxh6+ Kg7 64. Rxe6 a5 65. Ra6 Nf4 66. Kg3 Ne2+ 67. Kg4 Nc3 68. Kg5 Nd5 1-0

[Event "Titled Tuesday intern op 23rd June"]
[Site "Chess.com INT"]
[Date "2020.06.23"]
[Round "1"]
[White "Iljushin, Alexei"]
[Black "Sharapov, Evgeny"]
[Result "1-0"]
[WhiteElo "2461"]
[BlackElo "2380"]
[PlyCount "103"]
[EventDate "2020.06.23"]
[EventType "swiss (blitz)"]
[EventRounds "10"]
[EventCountry "USA"]
[SourceTitle "CBM 197 Extra"]
[Source "ChessBase"]
[SourceDate "2020.09.30"]
[SourceVersion "1"]
[SourceVersionDate "2020.09.30"]
[SourceQuality "1"]

1. d4 d5 2. c4 c6 3. Nf3 Nf6 4. Nc3 g6 5. cxd5 cxd5 6. Bf4 Nc6 7. e3 Bg4 8. Be2 Bg7 9. 0-0 0-0 10. Ne5 Bxe2 11. Qxe2 Nxe5 12. Bxe5 Ne4 13. Nxe4 Bxe5 14. Nc5 Bd6 15. Nd3 Qb6 16. Rfc1 Rfc8 17. g3 e6 18. h4 h5 19. Rc2 Rc4 20. b3 Rc6 21. Rxc6 bxc6 22. Rc1 a5 23. Qc2 Ra6 24. Nc5 Bxc5 25. Qxc5 Qxc5 26. Rxc5 Kf8 27. Kf1 Ke7 28. Ke2 Kd6 29. Kd3 Kc7 30. Kc2 Kb6 31. Kb2 Ra8 32. Ka3 f6 33. Ka4 e5 34. a3 exd4 35. exd4 Re8 36. Rc2 Re4 37. Rd2 c5 38. f3 Rxd4+ 39. Rxd4 cxd4 40. b4 d3 41. bxa5+ Ka6 42. Kb3 d4 43. Kb2 Kxa5 44. Kc1 Ka4 45. Kd2 Kxa3 46. Kxd3 Kb4 47. Kxd4 Kb3 48. Kd5 Kc3 49. Ke6 Kd3 50. Kxf6 Ke3 51. Kxg6 Kxf3 52. Kxh5 1-0